Score 0/50 Timer 10:00
0 Plays Today
% Correct
Chamber
92.8%
Dark
92.7%
Temple
91.9%
Fire
91.9%
Towers
91.7%
Clones
91.2%
Judgment
91.1%
Chest
90.9%
Spy
90.7%
Still
90.5%
Returns
88.5%
Guantanamo
88.3%
Supremacy
87.7%
Reloaded
87.7%
Silver
87.4%
Lost
86.1%
Prince
85.6%
Blood
84.8%
Mummy
84.3%
Chronicles
83.1%
Wrath
82.5%
Revenge
82%
Continues
81.9%
Legend
81.7%
Winter
80.7%
% Correct
Paradise
77.8%
Desolation
77.6%
Fallen
77.5%
Eddie
74.3%
Smell
74.1%
Aftershocks
73.4%
Hellbound
73%
Game
72.3%
Klumps
71.5%
First
69.7%
World
69.2%
Next
66.9%
Batch
65.7%
Side
61.6%
Scorch
60.5%
Sacrifice
57.3%
Evolution
57.1%
Spirit
55%
Secret
54.7%
Durant
53.5%
Golden
52.9%
Quickening
44.1%
Beginning
43.2%
Unleashed
36.1%
Hero
29.5%
Remove Ads.
Support Sporcle.
Get the best of Sporcle when you Go Orange. This ad-free experience offers more features, more stats, and more fun while also helping to support Sporcle. Thank you for becoming a member.

You're not logged in!

Compare scores with friends on all Sporcle quizzes.
OR
Log In

Sporcle TV

Today on Sporcle TV


Watch our educational content, quiz creation guides, and fun videos on Sporcle TV.

Show Comments

Extras

Top Quizzes Today


Score Distribution

Paid Content

Your Account Isn't Verified!

In order to create a playlist on Sporcle, you need to verify the email address you used during registration. Go to your Sporcle Settings to finish the process.

Report this User

Report this user for behavior that violates our Community Guidelines.

Details: